Normal view
MARC view
Entry Personal Name
001 - CONTROL NUMBER
- control field: 32069
003 - CONTROL NUMBER IDENTIFIER
- control field: OSt
005 - DATE AND TIME OF LATEST TRANSACTION
- control field: 20220718154053.0
008 - FIXED-LENGTH DATA ELEMENTS
- fixed length control field: 220718|| aca||aabn | a|a d
040 ## - CATALOGING SOURCE
- Original cataloging agency: OSt
- Transcribing agency: OSt
100 ## - HEADING--PERSONAL NAME
- Personal name: Riccucci, Norma M.
670 ## - SOURCE DATA FOUND
- Source citation: Work cat.: (OSt)519176: Riccucci, Norma M., Preparing blacks and latinx for workforce 2000: Unfulfilled promises and lost opportunities
